Every Nation to Never Win a World Cup Match - Statistics

General Stats
  • This quiz has been taken 13 times
  • The average score is 13 of 20
Answer Stats
Tournaments Played At Overall Record Modern Confederation Nation % Correct
2 W0 D3 L3 OFC New Zealand
100%
1 W0 D1 L2 UEFA Iceland
86%
1 W0 D0 L3 AFC Iraq
86%
1 W0 D0 L3 CONCACAF Panama
86%
1 W0 D0 L3 AFC Qatar
86%
1 W0 D0 L3 AFC UAE
86%
1 W0 D2 L1 CAF Angola
71%
2 W0 D0 L6 CONCACAF El Salvador
71%
1 W0 D0 L3 CONCACAF Haiti
71%
3 W0 D3 L6 CONCACAF Honduras
71%
1 W0 D0 L3 CAF Togo
71%
1 W0 D1 L2 CONCACAF Trinidad and Tobago
71%
3 W0 D1 L5 CONMEBOL Bolivia
57%
2 W0 D0 L6 CONCACAF Canada
57%
1 W0 D2 L1 UEFA Israel
57%
1 W0 D1 L2 AFC Kuwait
57%
1 W0 D0 L3 CAF Zaire
57%
3 W0 D2 L5 CAF Egypt
43%
1 W0 D0 L3 AFC China
29%
1 W0 D0 L1 AFC Dutch East Indies
0%
No matching quizzes found
Score Distribution
Percent of People with Each Score
Percentile by Number Answered
Your Score History
You have not taken this quiz